The Good Cause (Record no. 186978)
[ view plain ]
| 000 -LEADER | |
|---|---|
| fixed length control field | 00374nmm a2200121Ia 4500 |
| 245 #4 - TITLE STATEMENT | |
| Title | The Good Cause |
| 260 ## - PUBLICATION, DISTRIBUTION, ETC. (IMPRINT) | |
| Place of publication | Verlag Barbara Budrich |
| Year of publication | 2010 |
| 650 ## - SUBJECT ADDED ENTRY--TOPICAL TERM | |
| Topical Term | Sociology ; Economics ; Public Policy & Administration |
| 856 ## - ELECTRONIC LOCATION AND ACCESS | |
| Uniform Resource Identifier | https://www.jstor.org/stable/10.2307/j.ctvbj7k5p |
| 942 ## - ADDED ENTRY ELEMENTS (KOHA) | |
| Koha item type | |
| Withdrawn status | Lost status | Damaged status | Not for loan | Permanent Location | Current Location | Date acquired | Price effective from | Koha item type |
|---|---|---|---|---|---|---|---|---|
| Library and Documentation Division NCERT | Library and Documentation Division NCERT | 11/19/2024 | 11/19/2024 |





